| 000 | 00532 a2200157 4500 | ||
|---|---|---|---|
| 020 | _a 0007120753 | ||
| 082 | _a 823.912 CHR | ||
| 090 |
_c1033 _d1033 |
||
| 100 | _aChristie, Agatha. | ||
| 245 |
_aThe labours of Hercules _cAgatha. Christie, |
||
| 260 |
_aLondon: _bHarper Collins Publishers, _cc1967. |
||
| 300 |
_a412 p. ; _c19 cm. |
||
| 500 | _a Includes Index | ||
| 650 | _a1.Poirot, Hercule (Fictitious character) --Fiction.2.Detective and mystery stories, English.3.Private investigators --England --Fiction. | ||
| 942 | _cBK | ||
| 999 |
_c481832 _d481832 |
||